Effect of ivermection on gastrointestinal parasite in pigs at top chantha's farm in pou sen chey district, phnom phen, ប្រសិទ្ធភាពនាំ IVERMECTIN លើបរាសិតក្នុងក្រពះ ពោះវៀនជ្រូក នៅកសិដ្ថាន តុប ចន្ថា ស្ថិតក្នុងខណ្ឌពោធិ៍សែនជ័យ រាជធានៅភ្នំនំពេញ. (Record no. 2529)

000 -LEADER
fixed length control field 00795nam a22001337a 4500
040 ## - CATALOGING SOURCE
Transcribing agency RUA
082 ## - DEWEY DECIMAL CLASSIFICATION NUMBER
Classification number AVM MAN 2011 B100 Or.1
100 ## - MAIN ENTRY--AUTHOR NAME
Personal name MANN, TOLA.
245 ## - TITLE STATEMENT
Title Effect of ivermection on gastrointestinal parasite in pigs at top chantha's farm in pou sen chey district, phnom phen, ប្រសិទ្ធភាពនាំ IVERMECTIN លើបរាសិតក្នុងក្រពះ ពោះវៀនជ្រូក នៅកសិដ្ថាន តុប ចន្ថា ស្ថិតក្នុងខណ្ឌពោធិ៍សែនជ័យ រាជធានៅភ្នំនំពេញ.
260 ## - PUBLICATION, DISTRIBUTION, ETC. (IMPRINT)
Place of publication phnom phen
Name of publisher RUA
Year of publication 2011
300 ## - PHYSICAL DESCRIPTION
Number of Pages IX,48p.
Other physical details ill.
Dimensions 29cm.
856 ## - ELECTRONIC LOCATION AND ACCESS
Uniform Resource Identifier https://drive.google.com/file/d/17DODuNssjGqfXCsghRXnpKJZM7aEpwV5/view?usp=sharing
942 ## - ADDED ENTRY ELEMENTS (KOHA)
Koha item type AVM
952 ## - LOCATION AND ITEM INFORMATION (KOHA)
Withdrawn status [LOCAL, KOHA] 0
952 ## - LOCATION AND ITEM INFORMATION (KOHA)
Withdrawn status [LOCAL, KOHA] 0
952 ## - LOCATION AND ITEM INFORMATION (KOHA)
Withdrawn status [LOCAL, KOHA] 0
952 ## - LOCATION AND ITEM INFORMATION (KOHA)
Withdrawn status [LOCAL, KOHA] 0
952 ## - LOCATION AND ITEM INFORMATION (KOHA)
Withdrawn status [LOCAL, KOHA] 0
952 ## - LOCATION AND ITEM INFORMATION (KOHA)
Withdrawn status [LOCAL, KOHA] 0
952 ## - LOCATION AND ITEM INFORMATION (KOHA)
Withdrawn status [LOCAL, KOHA] 0
952 ## - LOCATION AND ITEM INFORMATION (KOHA)
Withdrawn status [LOCAL, KOHA] 0
Holdings
Permanent Location Date acquired Koha item type Lost status Shelving location Barcode Current Location Full call number
Library Block B2015-10-22AVM B100RUA016579Library Block BAVM MAN 2011 B100 Or.1
Library Block B2015-10-22AVM B100RUA016593Library Block BAVM MAN 2011 B100 Or.2
Library Block B2015-10-22AVM B100RUA019814Library Block BAVM MAN 2011 B100 Or.3
Library Block B2015-10-22AVM B100RUA009169Library Block BAVM MAN 2011 B100 Or.4
Library Block B2015-10-22AVM  RUA009025Library Block BAVM MAN 2011 B100 Or.5
Library Block B2015-10-22AVM  RUA017275Library Block BAVM MAN 2011 B100 Or.6
Library Block B2015-10-22AVM  RUA018177Library Block BAVM MAN 2011 B100 Or.7
Library Block B2019-07-15AVM B1.230A40163Library Block BAVM MAN 2011 B1.230 Or.1
មជ្ឈមណ្ឌលឯការនៃសាកលវិទ្យាល័យភូមិន្ទកសិកម្មចំការដូង

Powered by Koha